Acústica aplicada / Higini Arau Puchades
Publicado:
Barcelona :
Diputació de Barcelona. Laboratori General d'Assaigs i d'Investigacions ,
1982
Descripción Física:
217 p. ; 29 cm
Materias:
Enginyeria acústica
MARC
| LEADER | 00000nam a2200000Ia 4500 | ||
|---|---|---|---|
| 001 | 1344 | ||
| 003 | BGR | ||
| 005 | 20260324175247.0 | ||
| 008 | 160829s1982 xx 000 0 cat d | ||
| 080 | |a C-1-14 | ||
| 100 | |a Arau, Higini |9 23671 | ||
| 245 | |a Acústica aplicada / Higini Arau Puchades | ||
| 260 | |a Barcelona : |b Diputació de Barcelona. Laboratori General d'Assaigs i d'Investigacions, |c 1982 | ||
| 300 | |a 217 p. ; |c 29 cm | ||
| 650 | |a Enginyeria acústica |9 23672 | ||
| 710 | 2 | |a Laboratori General d'Assaigs i d'Investigacions |9 71353 | |
| 901 | |a Arxiu | ||
| 942 | |n 1 |2 udc |c MON | ||
| 952 | |0 0 |1 0 |4 0 |6 C114 |7 1 |9 42804 |a Arxiu |b Arxiu |d 2016-12-01 |l 0 |o C-1-14 |p 1344 |r 2016-12-01 00:00:00 |w 2016-12-01 |y ARXIU | ||
| 999 | |c 45310 |d 45310 | ||